Film Allgemeinwissen Quiz #7 - Statistiken

Allgemein
  • Dieses Quiz wurde 123 mal gespielt
  • Das Durchschnittsergebnis liegt bei 13 aus 20
Antwortstatistiken
Frage Antwort % Korrekt
Welche Tiere findet man in dem Vergnügungspark Jurassic World aus dem gleichnamigen Film? Dinosaurier
97%
Welcher Animationsfilm handelt von dem Mammut Manni, dem Säbelzahntiger Diego und dem Faultier Sid? Ice Age
96%
Welcher komödiantische Kurzfilm, in dem sich ein Butler betrinkt, wird in Deutschland traditionell an Silvester ausgestrahlt? Dinner for One
82%
Wessen erfolgreichste Filme sind "Titanic", "Inception" und "Catch Me If You Can"? Leonardo DiCaprio
80%
Aus welchem Film stammt dieses Zitat: "Das Leben ist wie eine Schachtel Pralinen, man weiß nie, was man bekommt."? Forrest Gump
79%
Wie heißt Batmans Heimatstadt? Gotham
78%
Wie heißt der blaue Fisch, der Clownfisch Marlin auf der Suche nach seinem Sohn Nemo hilft? Dorie
76%
Wer spielte die Rolle des John McClane in der Action-Filmreihe "Stirb langsam"? Bruce Willis
75%
Wie heißt die Hauptdarstellerin der Filmreihe "Die Tribute von Panem"? Jennifer Lawrence
74%
Aus welchem Land stammt der Action-Schauspieler Jean-Claude van Damme? Belgien
73%
Wie heißt der von Orlando Bloom verkörperte Elb aus den "Der Herr der Ringe"-Filmen? Legolas
73%
Welches ist die Originalsprache des Films "Chihiros Reise ins Zauberland"? Japanisch
60%
Von wem stammen Stummfilme wie "Der Zirkus", "Der große Diktator" und "Moderne Zeiten"? Charlie Chaplin
57%
Welcher Multi-Milliardär hat einen Cameo-Auftritt im Superheldenfilm "Iron Man 2"? Elon Musk
54%
Welche Schauspielerin wurde durch die "Sissi"-Trilogie bekannt? Romy Schneider
53%
Welchen Beruf übt Peter Parker alias Spider-Man aus? Fotograf
51%
Wer spielte in dem Filmklassiker "Der Pate" den Mafiaboss Don Vito Corleone? Marlon Brando
46%
In welchem Film von 1988 spielt Dustin Hoffman den Autisten Raymond Babbitt? Rain Man
37%
In den Armenvierteln welches Landes spielt der Film "City of God"? Brasilien
35%
Was isst der Erfinder Wallace aus den "Wallace und Gromit"-Animationsfilmen am liebsten? Käse
24%
Keine übereinstimmenden Quizze gefunden
Verteilung der Resultate
Anzahl Personen mit jedem Resultat
Perzentil nach korrekt beantworteten Fragen
Ihre Resultats-Entwicklung
Sie haben dieses Quiz noch nicht gespielt